Wereldkampioenen wielrennen - Statistieken

Algemene statistieken
  • Deze quiz is 109 keer genomen
  • De gemiddelde score is 18 van 36
Antwoordstatistieken
Jaartal Antwoord % Correct
2023 Mathieu van der Poel
100%
2025 Tadej Pogacar
97%
2024 Tadej Pogacar
97%
2022 Remco Evenepoel
91%
2005 Tom Boonen
86%
2017 Peter Sagan
79%
2016 Peter Sagan
79%
2015 Peter Sagan
79%
2021 Julian Alaphilippe
76%
2020 Julian Alaphilippe
76%
2012 Philippe Gilbert
76%
2019 Mads Pedersen
72%
2018 Alejandro Valverde
59%
2011 Mark Cavendish
57%
1996 Johan Museeuw
53%
1993 Lance Armstrong
52%
2007 Paolo Bettini
40%
2006 Paolo Bettini
40%
2014 Michal Kwiatkowski
38%
2004 Oscar Freire
38%
2001 Oscar Freire
38%
1999 Oscar Freire
38%
2009 Cadel Evans
36%
2010 Thor Hushovd
36%
2002 Mario Cipollini
34%
2013 Rui Costa
34%
2008 Alessandro Ballan
33%
1998 Oscar Camenzind
26%
1992 Gianni Bugno
19%
1991 Gianni Bugno
19%
1997 Laurent Brochard
19%
1995 Abraham Olano
17%
2000 Romans Vainsteins
17%
2003 Igor Astarloa
16%
1990 Rudy Dhaenens
16%
1994 Luc Leblanc
14%
Geen overeenkomende quizzen gevonden
Scoreverdeling
Procent van Mensen met Elke Score
Percentiel versus Aantal Correcte Antwoorden
Uw Scoregeschiedenis
U heeft deze quiz nog niet genomen